| 000 | 01288nam0a2200337 4500 | ||
|---|---|---|---|
| 001 | RU\NLR\bibl\1486743 | ||
| 005 | 20260406114121.0 | ||
| 010 |
_a978-5-17-062690-8 _bАСТ (С.: АСТ-Клас. _91500 |
||
| 010 |
_a978-5-271-25860 _bАстрель |
||
| 021 |
_aRU _b2010-4187 _9261 |
||
| 035 | _a(nilc)RSL-KNO-004569718 | ||
| 035 | _a(NLR Aleph) 001478347 | ||
| 090 |
_a1687581 _c1687581 |
||
| 100 | _a20100127d2010 |||y0rusy50 ca | ||
| 101 | 1 |
_arus _ceng |
|
| 102 | _aRU | ||
| 105 | _ay zzzz||||| | ||
| 200 | 1 |
_aПриключения Тома Сойера _e[повесть] _fМарк Твен _g[пер. с англ. Н. Дарузес _gил. В. Челака] |
|
| 210 |
_aМосква _cАСТ _cАстрель _d2010 |
||
| 215 |
_a318, [1] с. _cил. _d21 |
||
| 225 | 1 | _aАСТ-классика | |
| 686 |
_aШ5(7США)53-644 _2rubbk |
||
| 686 | _aШ6(7США)57-4{Лх1977-45} | ||
| 700 | 1 |
_4070 _7ca _8rus _aТвен _bМ. _f1835-1910 _gМарк _9110265 _3RU\NLR\auth\77201 |
|
| 702 | 1 |
_4440 _7ca _8rus _aЧелак _bВ. Г. _cхудожник _f1961- _gВадим Георгиевич _946992 _3RU\NLR\AUTH\7764063 |
|
| 801 | 0 |
_aRU _bRuMoRGB _c20100127 _grcr |
|
| 801 | 1 |
_aRU _bRuMoRGB _c20100127 |
|
| 801 | 2 |
_aRU _bNLR _c20100318 _grcr |
|
| 942 | _cBOOK | ||
| 980 | _aNB | ||